000 00712nam a2200157 a 4500
008 100222s1967 ||||||||||||||||| || u
050 _aGOV.ZAM(058)NRAG/1967
110 _aGovernment of the Republic of Zambia
245 1 0 _aFirst report of the Auditor-General on the public accounts for the financial year ended 31st December, 1967
_cPresented to the National Assembly
260 _aLusaka:
_bGovernment Printer
_c1967
300 _a45p.
350 _a0.00
650 _aGOVERNMENT OF THE REPUBLIC OF ZAMBIA (GRZ)--AUDITING
650 _aAUDITORS' REPORTS--ZAMBIA
995 _FCBU-MAIN LIBRARY (Kitwe)
_I0.00
_UAVAILABLE
_WSep 20, 2018
_ZZambiana Collection
999 _c43565
_d43565